|
|
|
|
| LEADER |
00000nkm a2200000 a 4500 |
| 001 |
vtls010084310 |
| 003 |
SK-MaSNL |
| 005 |
20260301142508.0 |
| 007 |
kf bo |
| 008 |
231206s xo 000 g knslo |
| 040 |
|
|
|a SNK
|b slo
|c SNK
|e AACR2
|
| 041 |
0 |
|
|a slo
|
| 043 |
|
|
|a e-xo---
|
| 044 |
|
|
|a xo
|c SK
|
| 245 |
0 |
0 |
|a Topoľčianky
|h grafika
|
| 260 |
|
|
|a Bratislava
|b Tatran
|c 1952
|
| 300 |
|
|
|a 1 pohľadnica
|b čiernobiela
|c 9 x 14 cm
|
| 651 |
|
7 |
|a Slovensko
|2 SNKPH
|
| 655 |
|
7 |
|a geografické pohľadnice
|2 SNKPH
|9 70522
|
| 958 |
|
|
|a GC
|
| 958 |
|
|
|a GBN
|
| 999 |
|
|
|c 770409
|d 772339
|
| 952 |
|
|
|a SNK
|b SNK
|y PREZ
|7 0
|p 17A0652925
|o snkSP 74146
|0 0
|1 0
|4 0
|d 2010-04-13
|l 0
|r 2026-02-24 00:33:03
|w 2026-02-24
|